000
00258nam a2200109Ia 4500
008
200302s9999 xx 000 0 und d
100
_a
Garry Thomson
245
_a
The Museum Environment
260
_b
Butterworths Pvt. Ltd.
260
_c
1978
300
_a
270 P.,
999
_c
301
_d
301